| 000 -LEADER |
| fixed length control field |
01506aam a22004331i 4500 |
| 001 - CONTROL NUMBER |
| control field |
020044579 |
| 003 - CONTROL NUMBER IDENTIFIER |
| control field |
Uk |
| 005 - DATE AND TIME OF LATEST TRANSACTION |
| control field |
20230310145513.0 |
| 006 - FIXED-LENGTH DATA ELEMENTS--ADDITIONAL MATERIAL CHARACTERISTICS |
| fixed length control field |
m || d | |
| 007 - PHYSICAL DESCRIPTION FIXED FIELD--GENERAL INFORMATION |
| fixed length control field |
cr ||||||||||| |
| 008 - FIXED-LENGTH DATA ELEMENTS--GENERAL INFORMATION |
| fixed length control field |
170821s2017 enka jo 000 f eng d |
| 015 ## - NATIONAL BIBLIOGRAPHY NUMBER |
| National bibliography number |
GBC101331 |
| Source |
bnb |
| 020 ## - INTERNATIONAL STANDARD BOOK NUMBER |
| Qualifying information |
(hbk.) |
| International Standard Book Number |
9781408346136 |
| 037 ## - SOURCE OF ACQUISITION |
| Stock number |
HachetteUK532595 |
| Source of stock number/acquisition |
Ingram Content Group |
| 040 ## - CATALOGING SOURCE |
| Original cataloging agency |
NLE |
| Language of cataloging |
eng |
| Transcribing agency |
NLE |
| Modifying agency |
UKMGB |
| -- |
OCLCQ |
| -- |
Uk |
| -- |
KH8 |
| Description conventions |
rda |
| -- |
pn |
| 042 ## - AUTHENTICATION CODE |
| Authentication code |
ukblsr |
| 072 #7 - SUBJECT CATEGORY CODE |
| Subject category code |
JUV |
| Subject category code subdivision |
002190 |
| Source |
bisacsh |
| 072 #7 - SUBJECT CATEGORY CODE |
| Subject category code |
JUV |
| Subject category code subdivision |
002210 |
| Source |
bisacsh |
| 072 #7 - SUBJECT CATEGORY CODE |
| Subject category code |
JUV |
| Subject category code subdivision |
013070 |
| Source |
bisacsh |
| 082 04 - DEWEY DECIMAL CLASSIFICATION NUMBER |
| Classification number |
823.92 CHI |
| Edition number |
23 |
| 100 1# - MAIN ENTRY--PERSONAL NAME |
| Personal name |
Child, Lauren, |
| Relator term |
author. |
| 245 12 - TITLE STATEMENT |
| Title |
A dog with nice ears / |
| Statement of responsibility, etc. |
Lauren Child. |
| 264 #1 - PRODUCTION, PUBLICATION, DISTRIBUTION, MANUFACTURE, AND COPYRIGHT NOTICE |
| Place of production, publication, distribution, manufacture |
London : |
| Name of producer, publisher, distributor, manufacturer |
Orchard Books, |
| Date of production, publication, distribution, manufacture, or copyright notice |
2017. |
| 300 ## - PHYSICAL DESCRIPTION |
| Extent |
1 volume (unpaged) : |
| Other physical details |
colour illustrations |
| Dimensions |
29 cm |
| 336 ## - CONTENT TYPE |
| Content type term |
text |
| Source |
rdacontent |
| 337 ## - MEDIA TYPE |
| Media type term |
computer |
| Source |
rdamedia |
| 338 ## - CARRIER TYPE |
| Carrier type term |
online resource |
| Source |
rdacarrier |
| 490 0# - SERIES STATEMENT |
| Series statement |
Charlie and Lola ; |
| Volume/sequential designation |
6 |
| 600 00 - SUBJECT ADDED ENTRY--PERSONAL NAME |
| Personal name |
Charlie |
| Titles and other words associated with a name |
(Fictitious character from Child) |
| Form subdivision |
Pictorial works |
| -- |
Juvenile fiction. |
| 600 00 - SUBJECT ADDED ENTRY--PERSONAL NAME |
| Personal name |
Lola |
| Titles and other words associated with a name |
(Fictitious character from Child) |
| Form subdivision |
Pictorial works |
| -- |
Juvenile fiction. |
| 650 #7 - SUBJECT ADDED ENTRY--TOPICAL TERM |
| Topical term or geographic name entry element |
FAMILY & RELATIONSHIPS |
| General subdivision |
Siblings. |
| Source of heading or term |
bisacsh |
| 650 #7 - SUBJECT ADDED ENTRY--TOPICAL TERM |
| Topical term or geographic name entry element |
JUVENILE FICTION |
| General subdivision |
Animals |
| -- |
Dogs. |
| Source of heading or term |
bisacsh |
| 650 #7 - SUBJECT ADDED ENTRY--TOPICAL TERM |
| Topical term or geographic name entry element |
JUVENILE FICTION |
| General subdivision |
Animals |
| -- |
Rabbits. |
| Source of heading or term |
bisacsh |
| 650 #7 - SUBJECT ADDED ENTRY--TOPICAL TERM |
| Topical term or geographic name entry element |
JUVENILE FICTION |
| General subdivision |
Family |
| -- |
Siblings. |
| Source of heading or term |
bisacsh |
| 655 #7 - INDEX TERM--GENRE/FORM |
| Genre/form data or focus term |
Children's stories |
| Form subdivision |
Pictorial works. |
| Source of term |
gsafd |
| 903 ## - LOCAL DATA ELEMENT C, LDC (RLIN) |
| a |
ELD.DS.579399 |
| 942 ## - ADDED ENTRY ELEMENTS (KOHA) |
| Source of classification or shelving scheme |
|
| Koha item type |
Books - Non Ficton |